Das Recht des Bekenntnisses zur Auferstehung des Fleisches / (Record no. 23928)

MARC details
000 -LEADER
fixed length control field 00822cam a22002531a 4500
001 - CONTROL NUMBER
control field g 01002214
003 - CONTROL NUMBER IDENTIFIER
control field DLC
005 - DATE AND TIME OF LATEST TRANSACTION
control field 20260227111257.0
008 - FIXED-LENGTH DATA ELEMENTS--GENERAL INFORMATION
fixed length control field 820817s1899 gw b 000 0 ger
010 ## - LIBRARY OF CONGRESS CONTROL NUMBER
LC control number g 01002214
035 ## - SYSTEM CONTROL NUMBER
System control number (OCoLC)8696528
040 ## - CATALOGING SOURCE
Original cataloging agency DLC
Transcribing agency GEU-T
Modifying agency GEU-T
-- DLC
041 0# - LANGUAGE CODE
Language code of text/sound track or separate title gergrc
042 ## - AUTHENTICATION CODE
Authentication code premarc
050 00 - LIBRARY OF CONGRESS CALL NUMBER
Classification number BT871
Item number .B7
100 1# - MAIN ENTRY--PERSONAL NAME
Personal name Bornhäuser, Karl Bernhard,
Dates associated with a name 1868-1947.
245 14 - TITLE STATEMENT
Title Das Recht des Bekenntnisses zur Auferstehung des Fleisches /
Statement of responsibility, etc. von Karl Bornhäuser.
260 ## - PUBLICATION, DISTRIBUTION, ETC.
Place of publication, distribution, etc. Gütersloh :
Name of publisher, distributor, etc. C. Bertelsmann,
Date of publication, distribution, etc. 1899.
300 ## - PHYSICAL DESCRIPTION
Extent 67 p. ;
Dimensions 22 cm.
500 ## - GENERAL NOTE
General note Originally presented as the author's thesis (doctoral)--Universität Greifswald, 1899.
504 ## - BIBLIOGRAPHY, ETC. NOTE
Bibliography, etc. note Includes bibliographical references.
500 ## - GENERAL NOTE
General note Vita.
650 #0 - SUBJECT ADDED ENTRY--TOPICAL TERM
Topical term or geographic name entry element Resurrection
General subdivision History of doctrines.

No items available.

Powered by Koha